Library Banner

World on fire/ (Record no. 100078)

MARC details
000 -LEADER
fixed length control field 00385nam a22001577a 4500
005 - DATE AND TIME OF LATEST TRANSACTION
control field 20171117121717.0
008 - FIXED-LENGTH DATA ELEMENTS--GENERAL INFORMATION
fixed length control field 171117b xxu||||| |||| 00| 0 eng d
020 ## - INTERNATIONAL STANDARD BOOK NUMBER
International Standard Book Number 0099455048
040 ## - CATALOGING SOURCE
Transcribing agency PK-LaUMT
082 ## - DEWEY DECIMAL CLASSIFICATION NUMBER
Classification number PKAC 303.6
Item number CHU-W
100 ## - MAIN ENTRY--PERSONAL NAME
Personal name Chua , Amy
245 ## - TITLE STATEMENT
Title World on fire/
Statement of responsibility, etc Amy Chua
260 ## - PUBLICATION, DISTRIBUTION, ETC. (IMPRINT)
Place of publication, distribution, etc London:
Name of publisher, distributor, etc William Heinemann,
Date of publication, distribution, etc 2003
300 ## - PHYSICAL DESCRIPTION
Extent 346 p.
942 ## - ADDED ENTRY ELEMENTS (KOHA)
Koha item type Books
Holdings
Withdrawn status Lost status Damaged status Home library Current library Date acquired Full call number Barcode Date last seen Price effective from Koha item type
      UMT Main Campus UMT Main Campus 2017-11-17 PKAC 303.6 CHU-W 115994 2017-11-17 2017-11-17 Books